00162nam a2200073 a 450000500170000000800410001705000190005824500110007720140414093832.0970109s19uu xx 00 eng d aVHS 200bOR 32 aJesus.